[Event "Titled Tuesday intern op 12th Mar Early"]
[Site "Chess.com INT"]
[Date "2024.03.12"]
[Round "2"]
[White "Suich, Peter D"]
[Black "Akhayan, Ruben"]
[Result "1/2-1/2"]
[WhiteElo "2081"]
[BlackElo "2260"]
[PlyCount "112"]
[EventDate "2024.03.12"]
[EventType "swiss (blitz)"]
[EventRounds "11"]
[EventCountry "USA"]
[SourceTitle "CB12_2024"]
[SourceDate "2023.10.01"]
[SourceVersion "1"]
[SourceVersionDate "2023.10.01"]
[SourceQuality "1"]

1. d4 f5 2. c4 Nf6 3. Nf3 e6 4. e3 c6 5. Bd3 d5 6. 0-0 Bd6 7. b3 0-0 8. Ba3 Bxa3 9. Nxa3 Ne4 10. b4 Bd7 11. b5 Be8 12. Ne5 Nd7 13. bxc6 Nxe5 14. cxb7 Rb8 15. dxe5 Rxb7 16. cxd5 exd5 17. Nc2 Ba4 18. Bxe4 fxe4 19. Rb1 Rc7 20. Rb2 Qd7 21. Qd2 Bb5 22. Rd1 Bd3 23. Nb4 Bc4 24. Nxd5 Bxd5 25. Qa5 Qf7 26. Rbd2 Be6 27. h3 Rd7 28. Qa4 Rxd2 29. Rxd2 Bf5 30. Qd4 h6 31. a4 Kh7 32. a5 a6 33. Qb6 Qe6 34. Qc5 Re8 35. Rd6 Qxe5 36. Qxe5 Rxe5 37. Rxa6 Be6 38. Ra7 Bc4 39. g4 Bd3 40. Kg2 Kg6 41. Kg3 Rb5 42. h4 Rb1 43. h5+ Kf6 44. f3 exf3 45. Kxf3 Ra1 46. Rd7 Bb5 47. Rd6+ Ke5 48. Rg6 Rxa5 49. Rxg7 Bc6+ 50. Kg3 Be4 51. Re7+ Kd5 52. Re8 Ra1 53. Rd8+ Ke5 54. Re8+ Kd5 55. Rd8+ Ke5 56. Re8+ Kd5 1/2-1/2

[Event "Titled Tuesday intern op 13th Feb Late"]
[Site "Chess.com INT"]
[Date "2024.02.13"]
[Round "1"]
[White "Suich, Peter D"]
[Black "Hong, Andrew Z"]
[Result "0-1"]
[WhiteElo "2136"]
[BlackElo "2542"]
[PlyCount "58"]
[EventDate "2024.02.13"]
[EventType "swiss (blitz)"]
[EventRounds "11"]
[EventCountry "USA"]
[SourceTitle "CB08_2024"]
[SourceDate "2024.02.21"]
[SourceVersion "1"]
[SourceVersionDate "2024.02.21"]
[SourceQuality "1"]

1. d4 Nf6 2. c4 d6 3. g3 Bd7 4. Nf3 g6 5. Bg2 Qc8 6. h3 Bg7 7. Nc3 Nc6 8. d5 Nb8 9. e4 0-0 10. Bf4 a5 11. Qd2 Na6 12. 0-0-0 Nc5 13. e5 Nh5 14. Be3 f5 15. e6 Ba4 16. Bxc5 Bxd1 17. Bd4 Bxf3 18. Bxf3 Nf6 19. h4 c6 20. h5 cxd5 21. cxd5 Qc4 22. hxg6 hxg6 23. Kb1 Ne4 24. Nxe4 Qxd4 25. Qxd4 Bxd4 26. Ng5 Bxf2 27. Rh7 Be3 28. Rxe7 Bxg5 29. Rxb7 Rfb8 0-1

[Event "Titled Tuesday intern op 15th Nov Late"]
[Site "Chess.com INT"]
[Date "2022.11.15"]
[Round "2"]
[White "Suich, Peter D"]
[Black "Toncheva, Nadya"]
[Result "1-0"]
[WhiteElo "2136"]
[BlackElo "2194"]
[PlyCount "52"]
[EventDate "2022.11.15"]
[EventType "swiss (blitz)"]
[EventRounds "11"]
[EventCountry "USA"]
[SourceTitle "CBM 211 Extra"]
[Source "ChessBase"]
[SourceDate "2023.01.31"]
[SourceVersion "1"]
[SourceVersionDate "2023.01.31"]
[SourceQuality "1"]

1. d4 d5 2. c4 dxc4 3. e4 e5 4. Nf3 Bb4+ 5. Nbd2 c3 6. bxc3 Bxc3 7. Ba3 exd4 8. Bc4 Nc6 9. Qb3 Nh6 10. Rd1 Na5 11. Qb5+ Nc6 12. Qh5 Qf6 13. 0-0 Bg4 14. Qb5 Bxd2 15. e5 Qg6 16. Nxd4 Bxd1 17. Rxd1 Bf4 18. e6 Rd8 19. Re1 Bd6 20. exf7+ Kf8 21. Ne6+ Kxf7 22. Nxd8+ Kf8 23. Ne6+ Kf7 24. Nf4+ Kf8 25. Nxg6+ hxg6 26. Qd5 Nf5 1-0

[Event "Titled Tuesday intern op 14th Jun Early"]
[Site "Chess.com INT"]
[Date "2022.06.14"]
[Round "1"]
[White "Gaehwiler, Gabriel"]
[Black "Suich, Peter D"]
[Result "1-0"]
[WhiteElo "2413"]
[BlackElo "2136"]
[PlyCount "89"]
[EventDate "2022.06.14"]
[EventType "swiss (blitz)"]
[EventRounds "11"]
[EventCountry "USA"]
[SourceTitle "EXT 2023"]
[Source "ChessBase"]
[SourceDate "2022.10.05"]
[SourceVersion "1"]
[SourceVersionDate "2022.10.05"]
[SourceQuality "1"]

1. Nf3 d5 2. g3 Nf6 3. Bg2 g6 4. 0-0 Bg7 5. c3 0-0 6. d4 Nc6 7. Bf4 Bf5 8. Re1 Re8 9. Na3 Be4 10. Qb3 Na5 11. Qa4 c6 12. Nd2 Bxg2 13. Kxg2 b5 14. Qc2 Nc4 15. Naxc4 bxc4 16. b3 cxb3 17. axb3 Nd7 18. e4 e6 19. Nf3 Qb6 20. e5 c5 21. h4 Rec8 22. Qa2 a5 23. Qa4 Qc6 24. h5 Nb6 25. Qxc6 Rxc6 26. Ra2 c4 27. Rb1 cxb3 28. Rxb3 a4 29. Rb5 a3 30. Bc1 Bf8 31. Rb3 Na4 32. Bd2 Rac8 33. Rc2 gxh5 34. Ne1 Nb2 35. Rbxb2 axb2 36. Rxb2 Ra6 37. Nd3 Ra1 38. Nf4 Ba3 39. Rb3 Ra2 40. Be3 Bb2 41. Nxh5 Bxc3 42. Nf6+ Kf8 43. Bh6+ Ke7 44. Rb7+ Kd8 45. Rd7# 1-0

[Event "Titled Tuesday intern op 07th Jun Early"]
[Site "Chess.com INT"]
[Date "2022.06.07"]
[Round "3"]
[White "Gunina, Valentina"]
[Black "Suich, Peter D"]
[Result "1-0"]
[WhiteElo "2475"]
[BlackElo "2136"]
[PlyCount "103"]
[EventDate "2022.06.07"]
[EventType "swiss (blitz)"]
[EventRounds "11"]
[EventCountry "USA"]
[SourceTitle "CBM 208 Extra"]
[Source "ChessBase"]
[SourceDate "2022.07.31"]
[SourceVersion "1"]
[SourceVersionDate "2022.07.31"]
[SourceQuality "1"]

1. d4 d5 2. c4 c6 3. Nf3 Nf6 4. Nc3 dxc4 5. e4 b5 6. Be2 e6 7. a4 b4 8. e5 bxc3 9. exf6 gxf6 10. bxc3 Qd5 11. 0-0 Rg8 12. Bf4 Nd7 13. Bg3 c5 14. Nd2 Rxg3 15. hxg3 Rb8 16. Bf3 Qf5 17. Nxc4 Ba6 18. Be2 cxd4 19. Qxd4 Bxc4 20. Bxc4 Bc5 21. Qd3 Qg6 22. Rfd1 Ne5 23. Bb5+ Kf8 24. Qxg6 hxg6 25. Ra2 Ke7 26. Kf1 Rh8 27. f4 Rh1+ 28. Ke2 Rxd1 29. Kxd1 Ng4 30. Rd2 f5 31. Ke2 Ne3 32. Rd7+ Kf6 33. Rb7 Nd5 34. c4 Nc3+ 35. Kf3 Ne4 36. g4 g5 37. gxf5 exf5 38. fxg5+ Nxg5+ 39. Ke2 Ne4 40. Rc7 Bb6 41. Rc6+ Ke5 42. Rc8 f4 43. Kf3 f5 44. Re8+ Kd4 45. Rf8 Bc7 46. Rxf5 Nc3 47. Rf7 Bb6 48. Rxf4+ Kc5 49. g4 Nb1 50. g5 Nd2+ 51. Ke2 Bc7 52. Rf5+ 1-0

[Event "Titled Tuesday intern op 07th Jun Early"]
[Site "Chess.com INT"]
[Date "2022.06.07"]
[Round "8"]
[White "Suich, Peter D"]
[Black "Nurmanova, Alua"]
[Result "0-1"]
[WhiteElo "2136"]
[BlackElo "2275"]
[PlyCount "32"]
[EventDate "2022.06.07"]
[EventType "swiss (blitz)"]
[EventRounds "11"]
[EventCountry "USA"]
[SourceTitle "CBM 208 Extra"]
[Source "ChessBase"]
[SourceDate "2022.07.31"]
[SourceVersion "1"]
[SourceVersionDate "2022.07.31"]
[SourceQuality "1"]

1. d4 Nf6 2. c4 g6 3. g3 Bg7 4. Bg2 d5 5. cxd5 Nxd5 6. Nf3 0-0 7. 0-0 Nb6 8. e3 Nc6 9. Nc3 a5 10. b3 e5 11. d5 e4 12. Nd4 Nxd4 13. exd4 f5 14. f3 Nxd5 15. Nxd5 Qxd5 16. fxe4 Qxd4+ 0-1

[Event "Titled Tuesday intern op 31st May Early"]
[Site "Chess.com INT"]
[Date "2022.05.31"]
[Round "5"]
[White "Al Tarbosh, Ward"]
[Black "Suich, Peter D"]
[Result "1-0"]
[WhiteElo "2186"]
[BlackElo "2136"]
[PlyCount "57"]
[EventDate "2022.05.31"]
[EventType "swiss (blitz)"]
[EventRounds "11"]
[EventCountry "USA"]
[SourceTitle "CBM 208 Extra"]
[Source "ChessBase"]
[SourceDate "2022.07.31"]
[SourceVersion "1"]
[SourceVersionDate "2022.07.31"]
[SourceQuality "1"]

1. e4 c5 2. Nf3 Nc6 3. d4 cxd4 4. Nxd4 Nf6 5. Nc3 e5 6. Ndb5 d6 7. Nd5 Nxd5 8. exd5 Nb8 9. c4 Be7 10. Be2 0-0 11. 0-0 a6 12. Nc3 f5 13. f4 exf4 14. Bxf4 Qb6+ 15. Kh1 Qxb2 16. Qd3 Nd7 17. Rab1 Qa3 18. Be3 Ne5 19. Qd2 Bd7 20. Rb3 Qa5 21. Bb6 Qa4 22. Nxa4 Bxa4 23. Rg3 f4 24. Rxf4 Rxf4 25. Qxf4 Rf8 26. Qe3 Bc2 27. Bd4 Bf6 28. c5 Bg6 29. cxd6 1-0

[Event "Titled Tuesday intern op 31st May Early"]
[Site "Chess.com INT"]
[Date "2022.05.31"]
[Round "4"]
[White "Atakhan, Abtin"]
[Black "Suich, Peter D"]
[Result "1-0"]
[WhiteElo "2358"]
[BlackElo "2136"]
[PlyCount "103"]
[EventDate "2022.05.31"]
[EventType "swiss (blitz)"]
[EventRounds "11"]
[EventCountry "USA"]
[SourceTitle "CBM 208 Extra"]
[Source "ChessBase"]
[SourceDate "2022.07.31"]
[SourceVersion "1"]
[SourceVersionDate "2022.07.31"]
[SourceQuality "1"]

1. Nf3 d5 2. c4 c6 3. e3 Nf6 4. Nc3 e6 5. b3 Be7 6. Bb2 0-0 7. Qc2 Nbd7 8. d4 b6 9. Bd3 h6 10. 0-0 a5 11. Rfe1 Ba6 12. Rad1 Qc8 13. e4 dxe4 14. Nxe4 Nxe4 15. Bxe4 Nf6 16. Bd3 Rd8 17. Qe2 Bb4 18. Rf1 Bf8 19. Bb1 Qc7 20. Qc2 Be7 21. Ne5 c5 22. dxc5 Bxc5 23. Ng4 Be7 24. Nxf6+ Bxf6 25. Bxf6 gxf6 26. Qh7+ Kf8 27. Qxh6+ Ke7 28. Qe3 Bb7 29. Be4 Rh8 30. h3 Rad8 31. Bxb7 Qxb7 32. f3 Qc7 33. f4 Qc6 34. Kf2 Rhg8 35. g4 f5 36. Rxd8 Kxd8 37. Rd1+ Ke7 38. g5 Rh8 39. Qd4 Qc5 40. Qxc5+ bxc5 41. Kg3 Ra8 42. a4 Rb8 43. Rd3 Rh8 44. Re3 Rh7 45. Re5 Kd6 46. h4 Rh8 47. Re3 Rh7 48. Rd3+ Ke7 49. b4 cxb4 50. c5 Rh8 51. h5 Rxh5 52. c6 1-0

[Event "Titled Tuesday intern op 31st May Late"]
[Site "Chess.com INT"]
[Date "2022.05.31"]
[Round "7"]
[White "Kujawski, Adam"]
[Black "Suich, Peter D"]
[Result "0-1"]
[WhiteElo "2246"]
[BlackElo "2136"]
[PlyCount "116"]
[EventDate "2022.05.31"]
[EventType "swiss (blitz)"]
[EventRounds "11"]
[EventCountry "USA"]
[SourceTitle "CBM 208 Extra"]
[Source "ChessBase"]
[SourceDate "2022.07.31"]
[SourceVersion "1"]
[SourceVersionDate "2022.07.31"]
[SourceQuality "1"]

1. e4 c5 2. Nf3 Nc6 3. Nc3 e6 4. d4 cxd4 5. Nxd4 Nf6 6. Ndb5 d6 7. Bf4 e5 8. Bg5 a6 9. Na3 Be6 10. Nc4 Rb8 11. Ne3 Be7 12. Bxf6 Bxf6 13. Ncd5 Bg5 14. h4 Bxh4 15. c3 Bg5 16. Bd3 h6 17. g3 Ne7 18. Qf3 Bxe3 19. Nxe3 d5 20. 0-0-0 Qa5 21. exd5 Nxd5 22. Nxd5 Bxd5 23. Be4 Bxe4 24. Qxe4 0-0 25. Rd5 Qxa2 26. Rhd1 Qb3 27. Rxe5 Rbd8 28. Rxd8 Rxd8 29. Re8+ Rxe8 30. Qxe8+ Kh7 31. Qe4+ g6 32. g4 Qb5 33. f3 Qf1+ 34. Kc2 Qf2+ 35. Kb3 Qb6+ 36. Kc2 Qb5 37. b4 a5 38. bxa5 Qxa5 39. Qxb7 Qa2+ 40. Kd3 Qe6 41. Qe4 Qa6+ 42. c4 Qa3+ 43. Kd4 Qa1+ 44. Kd5 Qa2 45. Kd6 Qa6+ 46. Ke7 Qa7+ 47. Ke8 Kg8 48. Qe5 Qa8+ 49. Ke7 Qb7+ 50. Ke8 Qc6+ 51. Ke7 Qxc4 52. Qb8+ Kh7 53. Qf8 Qe6+ 54. Kd8 Qf6+ 55. Ke8 Qxf3 56. Qb4 Qf6 57. Kf8 Qg7+ 58. Ke8 f6 0-1

[Event "Titled Tuesday intern op 31st May Early"]
[Site "Chess.com INT"]
[Date "2022.05.31"]
[Round "1"]
[White "Suich, Peter D"]
[Black "Barp, Alberto"]
[Result "1-0"]
[WhiteElo "2136"]
[BlackElo "2384"]
[PlyCount "123"]
[EventDate "2022.05.31"]
[EventType "swiss (blitz)"]
[EventRounds "11"]
[EventCountry "USA"]
[SourceTitle "CBM 208 Extra"]
[Source "ChessBase"]
[SourceDate "2022.07.31"]
[SourceVersion "1"]
[SourceVersionDate "2022.07.31"]
[SourceQuality "1"]

1. d4 d5 2. c4 e6 3. Nf3 c6 4. e3 Bd6 5. b3 Nd7 6. Bb2 f5 7. Bd3 Nh6 8. 0-0 0-0 9. Nc3 Nf6 10. Ne2 Nf7 11. Ne5 Bd7 12. Rc1 Qe7 13. f3 Rad8 14. Qc2 Be8 15. cxd5 Nxd5 16. Qd2 Nxe5 17. dxe5 Bb4 18. Nc3 f4 19. Nxd5 cxd5 20. Qc2 fxe3 21. Bxh7+ Kh8 22. Bd3 d4 23. Qc7 Qxc7 24. Rxc7 a6 25. Rc4 Bb5 26. Rxb4 Bxd3 27. Rd1 e2 28. Re1 Bb5 29. a4 d3 30. Bc1 Be8 31. Bd2 Rc8 32. Kf2 b5 33. Ke3 Rd8 34. Rd4 Bc6 35. Rxd3 Rxd3+ 36. Kxd3 bxa4 37. bxa4 Bxa4 38. Kxe2 Bb5+ 39. Kf2 Rd8 40. Bg5 Rd5 41. h4 Kh7 42. g4 a5 43. h5 a4 44. Be7 Rd3 45. Re3 Rd2+ 46. Kg3 Rb2 47. Bd6 Bc6 48. Kf4 Rc2 49. g5 Rc4+ 50. Kg3 Kg8 51. Rd3 Kf7 52. Ba3 Bd5 53. g6+ Ke8 54. f4 Kd7 55. f5 Re4 56. f6 gxf6 57. exf6 Re5 58. f7 Rg5+ 59. Kh4 Rf5 60. f8Q Rxf8 61. Bxf8 Kc6 62. Ba3 1-0

[Event "Titled Tuesday intern op 31st May Early"]
[Site "Chess.com INT"]
[Date "2022.05.31"]
[Round "6"]
[White "Suich, Peter D"]
[Black "Brodowski, Piotr"]
[Result "0-1"]
[WhiteElo "2136"]
[BlackElo "2451"]
[PlyCount "90"]
[EventDate "2022.05.31"]
[EventType "swiss (blitz)"]
[EventRounds "11"]
[EventCountry "USA"]
[SourceTitle "CBM 208 Extra"]
[Source "ChessBase"]
[SourceDate "2022.07.31"]
[SourceVersion "1"]
[SourceVersionDate "2022.07.31"]
[SourceQuality "1"]

1. d4 c5 2. d5 d6 3. c4 e5 4. Nc3 Be7 5. e4 Nf6 6. Bd3 0-0 7. f3 a6 8. Be3 Nbd7 9. Qd2 Ne8 10. 0-0-0 b5 11. cxb5 axb5 12. Bxb5 Ba6 13. Bc6 Rb8 14. Nge2 Nb6 15. b3 Bb7 16. Bb5 Nf6 17. h4 Ne8 18. h5 Nc7 19. Bd3 Na6 20. g4 c4 21. Bxb6 Qxb6 22. Bxc4 Rfc8 23. g5 Nb4 24. g6 h6 25. gxf7+ Kxf7 26. f4 Ba6 27. Bxa6 Qxa6 28. Kb2 exf4 29. Nd4 Bf6 30. a3 Ra8 31. a4 Rab8 32. Rhf1 Be5 33. Rxf4+ Kg8 34. Rg4 Qa7 35. Rdg1 Nc2 36. Rxg7+ Bxg7 37. Ne6 Qxg1 38. Nxg7 Qxg7 39. Qxc2 Rb4 40. Qd3 Rcb8 41. Kc2 Rxb3 42. Qc4 Rb2+ 43. Kd3 Qg3+ 44. Kd4 Qf2+ 45. Kd3 Qd2# 0-1

[Event "Titled Tuesday intern op 31st May Early"]
[Site "Chess.com INT"]
[Date "2022.05.31"]
[Round "7"]
[White "Suich, Peter D"]
[Black "Flynn, Jacob"]
[Result "0-1"]
[WhiteElo "2136"]
[BlackElo "2205"]
[PlyCount "118"]
[EventDate "2022.05.31"]
[EventType "swiss (blitz)"]
[EventRounds "11"]
[EventCountry "USA"]
[SourceTitle "CBM 208 Extra"]
[Source "ChessBase"]
[SourceDate "2022.07.31"]
[SourceVersion "1"]
[SourceVersionDate "2022.07.31"]
[SourceQuality "1"]

1. d4 Nf6 2. c4 e6 3. g3 d5 4. Nf3 dxc4 5. Bg2 Bd7 6. Ne5 Bc6 7. Nxc6 Nxc6 8. Bxc6+ bxc6 9. 0-0 c5 10. dxc5 Qxd1 11. Rxd1 Bxc5 12. Bd2 Rb8 13. Rc1 Rxb2 14. Rxc4 Bd6 15. Be3 0-0 16. Nc3 Nd5 17. Nxd5 exd5 18. Rd4 c6 19. Kf1 Bc5 20. Rd3 Bxe3 21. Rxe3 Rfb8 22. Kg2 g6 23. Rc1 R8b6 24. a3 a5 25. Rc5 a4 26. Ra5 d4 27. Ra8+ Kg7 28. Rd3 c5 29. Rxa4 Rxe2 30. Rc4 Rbb2 31. Rf3 Rec2 32. Rxc2 Rxc2 33. a4 c4 34. a5 d3 35. Kf1 Rc1+ 36. Kg2 d2 37. Ra3 d1Q 38. a6 Qd5+ 39. f3 c3 40. a7 c2 41. a8Q Qxa8 42. Rxa8 Rd1 43. Rc8 c1Q 44. Rxc1 Rxc1 45. h4 h5 46. Kh3 Rc4 47. g4 Kf6 48. g5+ Kf5 49. Kg3 Rc3 50. Kh3 Kf4 51. Kg2 Rxf3 52. Kh2 Kg4 53. Kg2 Ra3 54. Kh2 Kxh4 55. Kg2 Kxg5 56. Kh2 Kf4 57. Kg2 Rb3 58. Kh2 Kg4 59. Kg2 Rb2+ 0-1

[Event "Titled Tuesday intern op 31st May Late"]
[Site "Chess.com INT"]
[Date "2022.05.31"]
[Round "4"]
[White "Suich, Peter D"]
[Black "Harish, Neeraj"]
[Result "1-0"]
[WhiteElo "2136"]
[BlackElo "2075"]
[PlyCount "65"]
[EventDate "2022.05.31"]
[EventType "swiss (blitz)"]
[EventRounds "11"]
[EventCountry "USA"]
[SourceTitle "CBM 208 Extra"]
[Source "ChessBase"]
[SourceDate "2022.07.31"]
[SourceVersion "1"]
[SourceVersionDate "2022.07.31"]
[SourceQuality "1"]

1. d4 Nf6 2. c4 g6 3. g3 Bg7 4. Bg2 0-0 5. Nc3 c5 6. d5 d6 7. Nf3 e5 8. 0-0 Nbd7 9. e4 Nh5 10. Ne1 f5 11. exf5 Ndf6 12. fxg6 hxg6 13. Bg5 Bg4 14. Qc2 Bf5 15. Ne4 Qd7 16. Nxf6+ Nxf6 17. Qe2 b5 18. cxb5 e4 19. Nc2 Nxd5 20. Qc4 Be6 21. Qxe4 Nf6 22. Qc6 Qxc6 23. Bxc6 Rac8 24. Rad1 Bxa2 25. Rxd6 Ne8 26. Rd7 Bxb2 27. Rxa7 Bc4 28. Rb1 Bc3 29. Be3 Bd3 30. Rb3 Bxc2 31. Rxc3 Bf5 32. Bd5+ Kh8 33. Bxc5 1-0